| 000 | 00395nam a22001457a 4500 | ||
|---|---|---|---|
| 020 | _a9780357112151 | ||
| 040 | _cNUST | ||
| 082 |
_a620 _bMOA |
||
| 100 |
_aMoaveni,Saeed _914738 |
||
| 245 |
_aEngineering Fundamentals \ _ban introduction to engineering _cSaeed Moaveni |
||
| 250 | _a6th Ed. | ||
| 260 |
_aUSA, _bCengage, _c2020. |
||
| 300 |
_axxiv,868p. : _bPaperback, _c25cm. |
||
| 942 |
_2ddc _cBK |
||
| 999 |
_c586079 _d586079 |
||